1962 1395 1867 1095 1513 1045 1307 1648 1321 1716 1600 1169 1632 1732 1308 1573 1442 1806 1720 1679 1579 1993 1114 1132 1134 1244 1545 1133 1225 1111 1202 1804 1652 1954 1510 1606 1357 1976 1238 1908 1957 1106 1566 1678 1104 1325 1473 1952 1738 1497 1538 1337 1701 1366 1420 1311 1425 1878 1658 1782 1343 1069 1235 1942 1927 1220 1542 1358 1870 1182 1998 1667 1912 1414 1098 1332 1303 1259 1422 1510 1640 1813 1286 1426 1896 1446 1101 1316 1657 1584 1926 1197 1317 1766 1657 1088 1005 1480 1071 BCNSPRNW ULIB Ver.6.0+V

เปลี่ยนเป็นภาษาไทย

Change to English
 แสดงรายละเอียดบรรณานุกรม
  กลับหน้าหลัก

Brief Record : Get Marc (ISO 2709) : E-mail record : QR code < ปิดหน้าต่าง
LEADER : 00000nam 2200000uu 4500
001    13399111721
003     ULIB
008    110707s2554||||th 000 0 tha d
024    858710302394
090    นว.^bธ675ท 2554
100 0  ธีรสา
245 00 ทรายสวาท ห้วงเสน่หา/^cธีรสา
260    กรุงเทพฯ :^bMy love,^c2554
300    396 หน้า
945    ^p265^l0^i18289
995     เกษร
999     ^aใช้งานได้ทุกระบบ
รายการนี้ยังไม่มีแท็ก
คุณยังไม่ได้ล็อกอิน คุณสามารถมีกิจกรรมร่วมกับเว็บไซต์ได้ แต่ต้องล็อกอินก่อน ::
  ล็อกอิน

รายการสื่อสารสนเทศ

ลำดับที่ ประเภท เลขเรียก/บาร์โค้ด สถานที่ สถานะ
1. วิทยาศาสตร์การแพทย์ และสุขภาพ
วิทยาศาสตร์การแพทย์ และสุขภาพ
นว. ธ675ท 2554  
  Barcode: 18289
ห้องสมุดวิทยาเขตสวรรค์ประชารักษ์
►นวนิยาย
บนชั้น
  ขอยืม

BibComment


ยังไม่เคยถูกคอมเมนท์

คอมเมนท์ทรัพยากรรายการนี้
  คอมเมนท์: ทรายสวาท ห้วงเสน่..


 Copyright 2026. Bcnsprnw @Library